On This Day: September 9th II Quiz Stats

 Plays Quiz Updated Sep 9, 2018

Score 0/7 Timer 03:00
0 Plays Today
Question Answer Wrong Answers
After initially being declared ‘unfit for family viewing’ by Ed Sullivan, this singer appears on ‘The Ed Sullivan Show’ for the first time.
1956
Elvis Presley
93.9%
Frank Sinatra
1.4%
Chuck Berry
1.7%
Johnny Cash
2.2%
Harland Sanders, an American businessman known for founding this fast-food chain, is born.
1890
KFC
93.7%
McDonald's
3.5%
Wendy's
1.5%
Burger King
1.3%
Queen Elizabeth II surpasses this person to become the longest reigning monarch of the United Kingdom.
2015
Queen Victoria
88.8%
King George III
5.8%
King James VI
2.1%
King Henry III
2.1%
The Dubai Metro, the first urban train network in the ______ Peninsula, is ceremonially inaugurated.
2009
Arabian
87.1%
Deccan
3.5%
Indochina
6.7%
Labrador
1.6%
The Compromise of 1850 transfers a third of this state’s claimed territory to federal control in return for the US government assuming the state’s $10 million of debt.
1850
Texas
46.3%
California
19.4%
Kansas
7.6%
Missouri
26.6%
This mountainous, landlocked country in Central Asia declares independence from the Soviet Union.
1991
Tajikistan
46.1%
Azerbaijan
23.7%
Georgia
21.9%
Belarus
7.2%
U Ottama dies in prison after a hunger strike to protest Britain’s colonial government, becoming a national hero in modern ______.
1939
Myanmar
42.2%
India
44.3%
New Zealand
8.8%
Belize
4.2%

You're not logged in!

Compare scores with friends on all Sporcle quizzes.
OR
Log In

Sporcle TV

Today on Sporcle TV


Watch our educational content, quiz creation guides, and fun videos on Sporcle TV.

Show Comments

Extras

Top Quizzes Today


Score Distribution

Your Account Isn't Verified!

In order to create a playlist on Sporcle, you need to verify the email address you used during registration. Go to your Sporcle Settings to finish the process.

Report this User

Report this user for behavior that violates our Community Guidelines.

Details: